| 000 | 01652nam a2200361 a 4500 | ||
|---|---|---|---|
| 001 | ebr10509553 | ||
| 003 | CaPaEBR | ||
| 006 | m u | ||
| 007 | cr cn||||||||| | ||
| 008 | 870128s1987 ne a sb 101 0 eng d | ||
| 010 | _z 87000945 | ||
| 020 | _z9027235392 (alk. paper) | ||
| 020 | _z9789027235398 | ||
| 020 | _z9789027279453 (e-book) | ||
| 040 |
_aCaPaEBR _cCaPaEBR |
||
| 035 | _a(OCoLC)757401370 | ||
| 050 | 1 | 4 |
_aP140 _b.E97 1987eb |
| 082 | 0 | 4 |
_a410 _219 |
| 245 | 0 | 0 |
_aExplanation and linguistic change _h[electronic resource] / _cedited by Willem Koopman ... [et al.]. |
| 260 |
_aAmsterdam ; _aPhiladelphia : _bJohn Benjamins Pub. Co., _c1987. |
||
| 300 |
_avi, 300 p. : _bill. |
||
| 490 | 1 |
_aAmsterdam studies in the theory and history of linguistic science. Series IV, Current issues in linguistic theory, _x0304-0763 ; _vv. 45 |
|
| 504 | _aIncludes bibliographies and index. | ||
| 533 |
_aElectronic reproduction. _bPalo Alto, Calif. : _cebrary, _d2013. _nAvailable via World Wide Web. _nAccess may be limited to ebrary affiliated libraries. |
||
| 650 | 0 |
_aHistorical linguistics _vCongresses. |
|
| 650 | 0 |
_aExplanation (Linguistics) _vCongresses. |
|
| 655 | 7 |
_aElectronic books. _2local |
|
| 700 | 1 |
_aKoopman, W. F. _q(Willem F.) |
|
| 710 | 2 | _aebrary, Inc. | |
| 711 | 2 |
_aExplanation and Linguistic Change _d(1985 : _cAmsterdam, Netherlands) |
|
| 830 | 0 |
_aAmsterdam studies in the theory and history of linguistic science. _nSeries IV, _pCurrent issues in linguistic theory ; _vv. 45. |
|
| 856 | 4 | 0 |
_uhttp://site.ebrary.com/lib/rucke/Doc?id=10509553 _zAn electronic book accessible through the World Wide Web; click to view |
| 999 |
_c116440 _d116440 |
||